[Event "FISU World University"]
[Site "Tornelo INT"]
[Date "2020.10.27"]
[Round "6.25"]
[White "Argento, Elizabeth Mariel"]
[Black "Chavez Pena, Gonzalo Ignacio"]
[Result "0-1"]
[WhiteElo "1767"]
[BlackElo "1787"]
[PlyCount "148"]
[EventDate "2020.10.26"]
[EventType "team-swiss (rapid)"]
[EventRounds "9"]
[EventCountry "NET"]
[SourceTitle "CBM 199 Extra"]
[Source "ChessBase"]
[SourceDate "2021.01.31"]
[SourceVersion "1"]
[SourceVersionDate "2021.01.31"]
[SourceQuality "1"]
[WhiteTeam "Argentina IV"]
[BlackTeam "Chile II"]
[WhiteTeamCountry "ARG"]
[BlackTeamCountry "CHI"]

1. d4 Nf6 2. c4 g6 3. Nc3 Bg7 4. Nf3 d6 5. e3 Nbd7 6. Be2 0-0 7. 0-0 c6 8. a3 e5 9. dxe5 Nxe5 10. b4 Be6 11. Nxe5 dxe5 12. Bb2 Qc7 13. Qc2 Rfd8 14. Rfd1 a5 15. Rxd8+ Rxd8 16. Rd1 axb4 17. axb4 Bf5 18. Rxd8+ Qxd8 19. Qd1 Qxd1+ 20. Bxd1 Bd3 21. Be2 Bxe2 22. Nxe2 Ne4 23. f4 Nd2 24. c5 Nc4 25. Bxe5 Bxe5 26. fxe5 Nxe5 27. Nd4 Nd3 28. b5 cxb5 29. Nxb5 Nxc5 30. Kf2 Kg7 31. Kf3 Kf6 32. h4 Ke5 33. g4 Kd5 34. h5 Ne6 35. Kg3 Kc5 36. Nc3 Ng5 37. Kf4 f6 38. e4 Ne6+ 39. Ke3 gxh5 40. gxh5 Ng7 41. h6 Ne8 42. Kf4 b5 43. e5 b4 44. Nb1 Kd5 45. exf6 Nxf6 46. Kf5 Ng8 47. Kg5 Kd4 48. Nd2 Kd3 49. Nb3 Kc3 50. Nc1 b3 51. Nxb3 Kxb3 52. Kh5 Kc4 53. Kg5 Kd5 54. Kh5 Ke4 55. Kg5 Ke5 56. Kh5 Kf5 57. Kh4 Nxh6 58. Kh5 Nf7 59. Kh4 Kg6 60. Kg4 Ne5+ 61. Kh4 h5 62. Kh3 Kg5 63. Kg3 Nd3 64. Kh3 h4 65. Kh2 Kg4 66. Kg2 h3+ 67. Kh2 Kh4 68. Kh1 Kg3 69. Kg1 h2+ 70. Kf1 h1Q+ 71. Ke2 Qf3+ 72. Kd2 Nb4 73. Ke1 Qg2 74. Kd1 Kf3 0-1

[Event "FISU World University"]
[Site "Tornelo INT"]
[Date "2020.10.27"]
[Round "4.15"]
[White "Chavez Pena, Gonzalo Ignacio"]
[Black "Wang, Zihao"]
[Result "0-1"]
[WhiteElo "1787"]
[BlackElo "1811"]
[PlyCount "64"]
[EventDate "2020.10.26"]
[EventType "team-swiss (rapid)"]
[EventRounds "9"]
[EventCountry "NET"]
[SourceTitle "CBM 199 Extra"]
[Source "ChessBase"]
[SourceDate "2021.01.31"]
[SourceVersion "1"]
[SourceVersionDate "2021.01.31"]
[SourceQuality "1"]
[WhiteTeam "Chile II"]
[BlackTeam "China II"]
[WhiteTeamCountry "CHI"]
[BlackTeamCountry "CHN"]

1. e4 c5 2. Nf3 d6 3. d4 cxd4 4. Nxd4 Nf6 5. Nc3 a6 6. g3 e5 7. Nde2 Be6 8. Bg2 Be7 9. 0-0 0-0 10. Kh1 Nbd7 11. f4 Qc7 12. Be3 b5 13. a3 Rfc8 14. h3 Bc4 15. g4 a5 16. g5 Nh5 17. Rf3 b4 18. axb4 axb4 19. Rxa8 Rxa8 20. Nd5 Bxd5 21. Qxd5 Ra1+ 22. Kh2 Qxc2 23. Qb7 Re1 24. Ng1 exf4 25. Qxd7 Rxe3 26. Qxe7 g6 27. Qxd6 Qxb2 28. Qc5 b3 29. Rxe3 fxe3 30. Qxe3 Qe5+ 31. Kh1 Ng3+ 32. Kh2 Nf1+ 0-1

[Event "FISU World University"]
[Site "Tornelo INT"]
[Date "2020.10.26"]
[Round "2.31"]
[White "Chavez Pena, Gonzalo Ignacio"]
[Black "Kottahachchi, AS."]
[Result "1-0"]
[WhiteElo "1787"]
[BlackElo "1400"]
[PlyCount "119"]
[EventDate "2020.10.26"]
[EventType "team-swiss (rapid)"]
[EventRounds "9"]
[EventCountry "NET"]
[SourceTitle "CBM 199 Extra"]
[Source "ChessBase"]
[SourceDate "2021.01.31"]
[SourceVersion "1"]
[SourceVersionDate "2021.01.31"]
[SourceQuality "1"]
[WhiteTeam "Chile II"]
[BlackTeam "Sri Lanka V"]
[WhiteTeamCountry "CHI"]
[BlackTeamCountry "SRI"]

1. e4 e6 2. d4 d5 3. exd5 exd5 4. c4 Nf6 5. Nc3 c6 6. Bg5 Be7 7. Nf3 0-0 8. h3 h6 9. Bf4 Bf5 10. Bd3 Bxd3 11. Qxd3 Re8 12. 0-0 dxc4 13. Qxc4 Nd5 14. Nxd5 Qxd5 15. b3 Nd7 16. Qxd5 cxd5 17. Rac1 Rac8 18. Rfe1 Ba3 19. Rxe8+ Rxe8 20. Rc7 Nf6 21. Ne5 Bd6 22. Rxb7 Ne4 23. Rxa7 Rc8 24. Rd7 Rc2 25. f3 Bxe5 26. dxe5 g5 27. Be3 Ng3 28. Rxd5 Rxa2 29. Rd8+ Kg7 30. Rd2 Ra8 31. Kf2 Nf5 32. b4 Rb8 33. Rb2 Rb5 34. Bc5 Kg6 35. Ra2 Rb7 36. g4 Nh4 37. Ra6+ Kg7 38. Rb6 Rd7 39. Bd6 Ng6 40. b5 Ne7 41. Rc6 Nxc6 42. bxc6 Ra7 43. c7 Ra2+ 44. Ke3 Rc2 45. Kd3 Rc1 46. Kd2 Rc6 47. Ke3 f6 48. Ke4 fxe5 49. Kxe5 Kf7 50. Kd5 Rc1 51. Bc5 Rd1+ 52. Kc6 Rc1 53. c8Q Rxc5+ 54. Kxc5 Ke7 55. Kd5 h5 56. Qe6+ Kf8 57. Qd7 hxg4 58. Ke6 Kg8 59. Kf6 gxh3 60. Qg7# 1-0